00262 a2200121 4500001000700000020001800007040001100025100002300036240003500059245003000094300000700124362000900131187979 a0-582-40170-4 cMagnum aCollins, Max Allan10aNypd blue: blue beginninglING10aNypd blue: blue beginning a400 a1997